000
00298nam a22001337a 4500
008
181221b xxu||||| |||| 00| 0 eng d
020
_a
0139431004
041
_a
eng
080
_2
2nd
_a
616
100
_a
9
101
_a
PAT
245
_a
The Voice and Voice Therapy
_c
Boone, D.R
942
_2
udc
_c
BK
999
_c
53695
_d
53695